| 000 | 00744nam a2200241 a 4500 | ||
|---|---|---|---|
| 003 | (BD-SpBAUS) | ||
| 005 | 20250731101101.0 | ||
| 008 | 250731r20051996ii a|||| |||| 001 0 eng d | ||
| 020 | _a8123908741 | ||
| 040 |
_aBD-SpBAUS _cBD-SpBAUS |
||
| 041 | _aeng | ||
| 082 |
_a621.811 _bBET 2005 |
||
| 100 |
_aBevan, Thomas. _92272 |
||
| 245 |
_aThe Theory of Machines : _ba textbook for engineering students / _cThomas Bevan. |
||
| 250 | _a3rd ed. | ||
| 260 |
_aNew Delhi : _bCBS Publishers, _c1996 [Reprint 2005]. |
||
| 300 |
_avii, 621 p. : _bill. ; _c24 cm. |
||
| 504 | _aIncludes index and bibliography | ||
| 650 |
_a Machinery _92273 |
||
| 650 |
_aMachines _92274 |
||
| 856 | _uhttps://search.worldcat.org/title/220389789 | ||
| 942 |
_2ddc _cBK _n0 |
||
| 999 |
_c933 _d933 |
||